Low cost lighting in the farmstead (Record no. 2468)

MARC details
000 -LEADER
fixed length control field 00799cab a2200205 4500
001 - CONTROL NUMBER
control field ABS37397
008 - FIXED-LENGTH DATA ELEMENTS--GENERAL INFORMATION
fixed length control field 090401t1986 xxu||||| |||| 00| 0 eng d
035 ## - SYSTEM CONTROL NUMBER
System control number (Sirsi) u4126
041 ## - LANGUAGE CODE
Language code of text/sound track or separate title eng
100 ## - MAIN ENTRY--PERSONAL NAME
Personal name Baker, J.E.
245 ## - TITLE STATEMENT
Title Low cost lighting in the farmstead
260 ## - PUBLICATION, DISTRIBUTION, ETC.
Date of publication, distribution, etc. 1986
350 ## - PRICE (NR) (BK AM CF MU VM SE) [OBSOLETE]
Price 0
490 ## - SERIES STATEMENT
Series statement Farm Buildings and Engineering
Volume/sequential designation 3 (2) Autumn/Winter 1986, 44-46 (3)
520 ## - SUMMARY, ETC.
Summary, etc. Advice and information are given on the choice of lighting system and equipment, covering lighting standards, type of lamp, and the maintenance of lighting systems. The importance of replacing lights at the end of their rated life and cleaning them at least once a year is emphasised. References.
650 ## - SUBJECT ADDED ENTRY--TOPICAL TERM
Topical term or geographic name entry element FARM BUILDINGS
690 ## - LOCAL SUBJECT ADDED ENTRY--TOPICAL TERM (OCLC, RLIN)
Topical term or geographic name as entry element RURAL PRACTICE
942 ## - ADDED ENTRY ELEMENTS (KOHA)
Suppress in OPAC 0
948 ## - LOCAL PROCESSING INFORMATION (OCLC); SERIES PART DESIGNATOR (RLIN)
c (OCLC) 04/03/1997
Holdings
Withdrawn status Lost status Source of classification or shelving scheme Damaged status Not for loan Home library Current library Shelving location Date acquired Total Checkouts Full call number Barcode Date last seen Copy number Price effective from Koha item type
    Dewey Decimal Classification     London London Journal article 14/09/1999   ABS37397 4126-1001 06/08/2019 1 06/08/2019 Journal article